| 000 | 12652cam a2202509 4500 | ||
|---|---|---|---|
| 999 | _c6724 | ||
| 001 | 7279416 | ||
| 003 | LIBRIS | ||
| 005 | 20200923154122.0 | ||
| 008 | 011211s1997 sw |||||||||||001 0|swe| | ||
| 020 |
_a9144619715 _c380:00 |
||
| 020 | _a9789144619712 | ||
| 035 | _a(Mo)b1059423 | ||
| 040 | _aNB | ||
| 041 | 1 |
_aswe _hnor |
|
| 060 | 4 | _aWY 160 | |
| 082 | 0 | 4 |
_a616.890231 _222/swe |
| 084 |
_aVlb _2kssb/6 |
||
| 084 |
_aVpg _2kssb/6 |
||
| 084 |
_aVpg _2kssb |
||
| 084 |
_aVlb _2kssb |
||
| 084 |
_aVl _2kssb/6 |
||
| 084 |
_aVpg _2kssb/6 |
||
| 084 |
_aVlb _2kssb/8 |
||
| 084 |
_aVpg _2kssb/8 |
||
| 084 |
_aVl _2kssb |
||
| 100 | 1 |
_aLøkensgard, Ingebjørg _4aut |
|
| 240 | 1 | 0 |
_aPsykiatrisk sykepleie _lSvenska |
| 245 | 1 | 0 |
_aPsykiatrisk vård och specifik omvårdnad / _cIngebjørg Løkensgard ; översättning: Karin Larsson Wentz ; sakgranskning: Marita Magnusson, LieseLotte Carlstein. |
| 264 | 1 |
_aLund : _bStudentlitteratur, _c1997 |
|
| 264 | 3 |
_aLund : _bStudentlitteratur |
|
| 300 |
_a271 s. _c23 cm |
||
| 500 | _aÄven med tryckår: 2. tr., 1999 ; 3. tr., 2000 ; 4. tr., 2001 ; 5. tr., 2002 ; 6. [tr.], 2003 ; 7.-8. tr., 2004 ; 9. tr., 2005; 10.-11. tr., 2006 ; 12. tr., 2007 ; 13. tr., 2008 ; 14. tr., 2009 | ||
| 500 |
_5Mo _aOrig:s titel Psykiatrisk sykepleie norska |
||
| 500 |
_5Mo _aSAMB 98-16 |
||
| 500 |
_5Mo _asvenska |
||
| 500 |
_5S _aTryckningar finns |
||
| 500 |
_5Umdp _a2. tr., 1999 |
||
| 541 | _5Li | ||
| 650 | 2 | _aPsychiatric nursing | |
| 650 | 2 | _aPsychiatry | |
| 650 | 4 | _aPsykiatrisk omvårdnad | |
| 650 | 2 | _aPsychiatric nursing | |
| 650 | 2 | _aPsychiatric nursing | |
| 650 | 2 | _apsychiatric nursing | |
| 650 | 4 | _aPsykiatrisk omvårdnad | |
| 650 | 4 | _aKLSJSK | |
| 653 | _aPsykiatriska behandlingsmetoder | ||
| 653 | _aOmvårdnad | ||
| 653 | _aPsykiatriska behandlingsmetoder | ||
| 653 | _aOmvårdnad | ||
| 653 | _aPsykiatrisk omvårdnad | ||
| 653 | _aPsykiatrisk omvårdnad | ||
| 653 | _aPsykiatri | ||
| 653 | _aPsykiatrisk vård | ||
| 653 | _aBehandlingsmetoder | ||
| 653 | _aPsykiatri | ||
| 653 | _aOmvårdnad | ||
| 653 | _aBehandlingsmetoder | ||
| 655 | 4 |
_5Mo _aBok |
|
| 700 | 1 |
_aCarlstein, LieseLotte _4oth |
|
| 700 | 1 |
_aMagnusson, Marita _4oth |
|
| 700 | 1 |
_aLarsson-Wentz, Karin, _d1954- _4trl _0https://libris.kb.se/86lnq9gs42kd5c4#it |
|
| 852 | _dVlb MAG | ||
| 887 |
_a{"@id":"vc51tsf65mxk5gf","modified":"2019-06-12T17:09:02.676+02:00","checksum":"-8975536195"} _2librisxl |
||
| 887 |
_a{"@id":"sx52sscz05d11s1","modified":"2016-01-25T11:29:07+01:00","checksum":"58806499310"} _2librisxl |
||
| 887 |
_a{"@id":"sx38z5xz2nvmlwd","modified":"2011-11-08T12:34:03+01:00","checksum":"60242951805"} _2librisxl |
||
| 887 |
_a{"@id":"fkqwlskl0lrgpm3","modified":"2018-06-05T11:25:25.923+02:00","checksum":"105717955403"} _2librisxl |
||
| 887 |
_a{"@id":"glrxmtlm2gp4cqr","modified":"2003-01-23T11:06:27+01:00","checksum":"53946786732"} _2librisxl |
||
| 887 |
_a{"@id":"8dk83sbf3fb9g5q","modified":"2016-06-20T10:06:56+02:00","checksum":"107292209175"} _2librisxl |
||
| 887 |
_a{"@id":"fkr1ccbl5dnzw98","modified":"2014-08-15T16:22:28+02:00","checksum":"57524499888"} _2librisxl |
||
| 887 |
_a{"@id":"chpnr8bj0rg2p9k","modified":"2008-08-20T11:36:02+02:00","checksum":"51943338351"} _2librisxl |
||
| 887 |
_a{"@id":"jnt0pwnp2tk9gxd","modified":"2016-10-28T16:01:46+02:00","checksum":"54305768421"} _2librisxl |
||
| 887 |
_a{"@id":"15b5tdg623gtz0v","modified":"2017-02-14T14:19:39+01:00","checksum":"45449398272"} _2librisxl |
||
| 887 |
_a{"@id":"mrx3s0rs0808w91","modified":"2016-08-01T11:53:31+02:00","checksum":"53774671879"} _2librisxl |
||
| 887 |
_a{"@id":"nsz4t1st2v16b7m","modified":"2014-02-19T10:58:23+01:00","checksum":"44554977181"} _2librisxl |
||
| 887 |
_a{"@id":"qv16w3vw3c5qcmw","modified":"2011-08-10T08:37:26+02:00","checksum":"47595966176"} _2librisxl |
||
| 887 |
_a{"@id":"glrgbxmm0jdcz8p","modified":"2010-06-01T12:42:12+02:00","checksum":"96693564849"} _2librisxl |
||
| 887 |
_a{"@id":"9fl9kfrg48cg75s","modified":"2016-03-07T09:23:37+01:00","checksum":"128108734232"} _2librisxl |
||
| 887 |
_a{"@id":"v05b18113xpkm86","modified":"2016-01-25T16:08:02+01:00","checksum":"47532490056"} _2librisxl |
||
| 887 |
_a{"@id":"w16c2922155w2mq","modified":"2009-05-13T07:43:47+02:00","checksum":"55769908393"} _2librisxl |
||
| 887 |
_a{"@id":"x27d3b331l9p08g","modified":"2018-06-05T11:25:25.959+02:00","checksum":"39493619346"} _2librisxl |
||
| 887 |
_a{"@id":"z38f4c4451lfmfw","modified":"2018-06-05T11:25:25.962+02:00","checksum":"51389187343"} _2librisxl |
||
| 887 |
_a{"@id":"mr005s5s0rt6www","modified":"2016-05-09T14:55:31+02:00","checksum":"51515584651"} _2librisxl |
||
| 887 |
_a{"@id":"049g5d553z5btc5","modified":"2002-11-07T15:39:40+01:00","checksum":"110361194451"} _2librisxl |
||
| 887 |
_a{"@id":"37d4nkf81tj5vdn","modified":"2017-04-27T09:24:07+02:00","checksum":"48337125136"} _2librisxl |
||
| 887 |
_a{"@id":"37dk8h884t3ghpx","modified":"2013-11-04T12:03:52+01:00","checksum":"61499297304"} _2librisxl |
||
| 887 |
_a{"@id":"15bh6f6617008d1","modified":"2020-09-15T12:20:19.796+02:00","checksum":"43417123656"} _2librisxl |
||
| 887 |
_a{"@id":"26cj7g771hxpmr9","modified":"2007-07-06T11:34:07+02:00","checksum":"48586242586"} _2librisxl |
||
| 887 |
_a{"@id":"rw27x4wx01h8k20","modified":"2017-10-24T15:45:39+02:00","checksum":"57357743467"} _2librisxl |
||
| 887 |
_a{"@id":"pt05v3vv0580slh","modified":"2015-02-27T08:41:37+01:00","checksum":"54421916762"} _2librisxl |
||
| 887 |
_a{"@id":"tz4zx5x01c7cq6g","modified":"2017-11-08T09:06:07+01:00","checksum":"100810974899"} _2librisxl |
||
| 887 |
_a{"@id":"48fl9j993s0tbhq","modified":"2018-01-04T18:11:54+01:00","checksum":"55439009787"} _2librisxl |
||
| 887 |
_a{"@id":"6bhnclcc43hnpwz","modified":"2018-06-05T11:25:25.984+02:00","checksum":"56019566057"} _2librisxl |
||
| 887 |
_a{"@id":"9flrgpgg4g8r5z2","modified":"2013-06-18T14:25:00+02:00","checksum":"54494828904"} _2librisxl |
||
| 887 |
_a{"@id":"8dkqfnff2446f39","modified":"2016-10-17T12:02:49+02:00","checksum":"47282476893"} _2librisxl |
||
| 887 |
_a{"@id":"mrzzf1fs5s91w2b","modified":"2016-08-23T18:09:37+02:00","checksum":"58633659186"} _2librisxl |
||
| 887 |
_a{"@id":"chntjrjj10qpm3b","modified":"2018-06-05T11:25:25.996+02:00","checksum":"47485072273"} _2librisxl |
||
| 887 |
_a{"@id":"qv16w4ww2kr7j5h","modified":"2016-03-01T13:51:24+01:00","checksum":"58178993448"} _2librisxl |
||
| 887 |
_a{"@id":"7cjpdmdd108w6lp","modified":"2019-12-02T13:02:49.459+01:00","checksum":"51731261272"} _2librisxl |
||
| 887 |
_a{"@id":"15cxm596523d1c2","modified":"2020-01-28T12:33:24.417+01:00","checksum":"118347809279"} _2librisxl |
||
| 887 |
_a{"@id":"x28xdg935stbg44","modified":"2014-05-13T09:58:12+02:00","checksum":"43982530406"} _2librisxl |
||
| 887 |
_a{"@id":"djpvkskk2363j0q","modified":"2004-05-17T10:38:33+02:00","checksum":"44096454310"} _2librisxl |
||
| 887 |
_a{"@id":"glrxmvmm49x3vrr","modified":"2008-02-28T13:03:38+01:00","checksum":"51147695632"} _2librisxl |
||
| 887 |
_a{"@id":"hmsznwnn5gtb8dq","modified":"2018-06-05T11:25:26.005+02:00","checksum":"52647149300"} _2librisxl |
||
| 887 |
_a{"@id":"37d7172815xpbkj","modified":"2015-09-24T09:59:53+02:00","checksum":"126760777630"} _2librisxl |
||
| 887 |
_a{"@id":"qv32r99w3c8qcbs","modified":"2016-06-28T14:30:36+02:00","checksum":"112010879097"} _2librisxl |
||
| 887 |
_a{"@id":"kpv1qzqq00jkd2g","modified":"2018-06-05T11:25:26.008+02:00","checksum":"44255567689"} _2librisxl |
||
| 887 |
_a{"@id":"nsz4t2tt3mj6phc","modified":"2012-03-02T15:54:45+01:00","checksum":"52366855044"} _2librisxl |
||
| 887 |
_a{"@id":"pt05v2tv58hfm4c","modified":"2013-07-31T11:27:47+02:00","checksum":"51371056586"} _2librisxl |
||
| 887 |
_a{"@id":"mrx3s1ss5cb6lqw","modified":"2016-03-29T16:07:15+02:00","checksum":"46888569821"} _2librisxl |
||
| 887 |
_a{"@id":"26fnrjn7440l99s","modified":"2017-05-17T15:36:13+02:00","checksum":"110293053097"} _2librisxl |
||
| 900 | 1 | s |
_6700 _d1954- _uLarsson-Wentz, Karin, _d1954- |
| 900 | 1 | s |
_6700 _d1954- _uLarsson-Wentz, Karin, _d1954- |
| 942 |
_2z _cBOOK |
||